000 00900amm a2200313 4500
008 100506s2010 cat d
041 _acat
041 _beng
041 _bfre
041 _bspa
080 _a615.015.32(038)
100 _aCabré i Playà, X.
_971828
245 _aDiccionari d'homeopatia
_h[en línia]
_cXavier Cabré i Playà
260 _aBarcelona
_bTERMCAT, Centre de Terminologia
_c2010
500 _aBibliografia
500 _aCategoria gramatical, arbre de camp, sinònims, remissions, notes
500 _btermcat
520 _a411
546 _acatalà
591 _aHOMEO-E
592 _aObra terminològica
593 _aEUAH
650 _ahomeopatia
_963749
856 _uhttps://www.termcat.cat/ca/diccionaris-en-linia/115
901 _ccop. <2010>
902 _a100506
942 _cMO
_n0
_2ddc
999 _c68511
_d68511